| 000 | 00374nam a2200157Ia 4500 | ||
|---|---|---|---|
| 005 | 20250319215822.0 | ||
| 008 | 240331s9999 xx 000 0 und d | ||
| 020 | _a9789380240367 | ||
| 082 |
_a894 _bPER |
||
| 100 | _aPerumaalmurugan | ||
| 245 | 0 | _aMaatorupaakan | |
| 260 |
_aNegarcoil _bKalaichuvadu Padippagam _c2010 |
||
| 300 | _a192 p ., | ||
| 650 | _aNovel | ||
| 942 | _cL | ||
| 999 |
_c5659 _d5659 |
||